000
00302nam a2200133Ia 4500
005
20251222140040.0
008
251222s1900||||xx |||||||||||||| ||spa||
020
_a
8425423546
082
_a
184/R31
100
_a
Reale, Giovanni
245
0
_a
Eros, demonio mediador:
264
_b
Herder
942
_c
LIB
999
_c
3273
_d
3273